Nomination of Burke Marshall : hearings before the United States Senate Committee on the Judiciary, Eighty-Seventh Congress, first session, on Mar. 2, 15, 1961.

Bibliographic Details
Corporate Authors: United States. Congress. Senate. Committee on the Judiciary, ProQuest (Firm)
Format: Government Document eBook
Language:English
Published: Washington : U.S. G.P.O., 1961.
Series:U.S. Congressional Hearings.
Subjects:
Online Access:Connect to the full text of this electronic book

MARC

Tag First Indicator Second Indicator Subfields
LEADER 00000cam a22000001a 4500
001 in00003202849
006 m d f
007 cr bn mmmapmmp
008 090623s1961 dcu o f000 0 eng d
005 20260511194646.0
035 |a cis2007429081 
040 |a UMI  |c UMI  |d UtOrBLW 
043 |a n-us--- 
086 0 |a Y 4.J 89/2:M 35 
099 |a HRG-1961-SJS-0012 
110 1 |a United States.  |b Congress.  |b Senate.  |b Committee on the Judiciary. 
245 1 0 |a Nomination of Burke Marshall :  |b hearings before the United States Senate Committee on the Judiciary, Eighty-Seventh Congress, first session, on Mar. 2, 15, 1961. 
264 1 |a Washington :  |b U.S. G.P.O.,  |c 1961. 
300 |a 1 online resource. 
336 |a text  |b txt  |2 rdacontent 
337 |a computer  |b c  |2 rdamedia 
338 |a online resource  |b cr  |2 rdacarrier 
500 |a Record is based on bibliographic data in ProQuest Congressional Hearings Digital Collection. Reuse except for individual research requires license from ProQuest, LLC. 
538 |a System requirements: PDF reader software. 
500 |a Electronic resource. 
600 1 0 |a Marshall, Burke,  |d 1922-2003. 
610 1 0 |a United States.  |b Department of Justice  |x Officials and employees. 
655 7 |a Electronic books.  |2 local 
710 2 |a ProQuest (Firm) 
776 0 8 |i Print version:  |a United States. Congress. Senate. Committee on the Judiciary.  |t Nomination of Burke Marshall 
776 0 8 |i Microfiche version:  |a United States. Congress. Senate. Committee on the Judiciary.  |t Nomination of Burke Marshall.  |d [Bethesda, Md.] : ProQuest,[2004]  |o CIS Hrgs MF Gp 3--(87) S1447-4  |w (ProQuest)cis10703124 
830 0 |a U.S. Congressional Hearings. 
856 4 0 |u http://proxy.library.tamu.edu/login?url=https://congressional.proquest.com/congcomp/getdoc?HEARING-ID=HRG-1961-SJS-0012  |z Connect to the full text of this electronic book  |t 0 
998 |a cis10703124 
999 |a MARS 
999 f f |s 447c06b8-70eb-36ae-bdde-32f18f6b4d55  |i 7f5f1222-57b7-3cdf-b9db-62780eb859f7  |t 0 
952 f f |a Texas A&M University  |b College Station  |c Electronic Resources  |s www_evans  |d Available Online  |t 0  |e HRG-1961-SJS-0012  |h Other scheme 
998 f f |a HRG-1961-SJS-0012  |t 0  |l Available Online